000 00511cam a2200205ua 4500
001 3985
005 20260515113751.0
008 111212n ii |||gr||||Z||||||asm
020 _a81-7331-021-1
040 _cMAIN
082 _a891.4511
100 1 _aTanti, Sananta,
245 1 1 _aSabdat athaba sabdahinatat
_cby Sananta Tanti
250 _a1st.
260 _aGuwahati:
_bLawyers book stall,993.
300 _a64p:
_c23cm.
653 _aAssamese poem
653 _aSabdat athaba sabdahinatat
942 _cBK
999 _c3805
_d3805